000 00209 a2200097 4500
001 38720
100 _aBahadar Shah
245 _aKulyaat Zafar
260 _aLahore
_bSang-e-Meel
_c1994
090 _c24540
_d24540
942 _aNUST-CAE
_cM
_c16159
999 _c273793
_d273793